| 000 | 01257nam a2200277 i 4500 | ||
|---|---|---|---|
| 001 | 170692 | ||
| 003 | ES-MaACL | ||
| 005 | 20251009174453.0 | ||
| 008 | 090331s1948 sp |||| | spa d | ||
| 245 | 0 | 0 |
_aMísticos franciscanos españoles. _nT. II / _cedición preparada por los redactores de "Verdad y Vida" ; introducciones de Juan Bautista Gomis. |
| 260 |
_aMadrid : _b[La Editorial Católica], _c1948. |
||
| 300 |
_aXVI, 837 p. ; _c20 cm. |
||
| 490 | 1 |
_aBiblioteca de Autores Cristianos ; _v44 |
|
| 505 | 8 |
_aContiene: ; _tSubida al Monte Sión / Fray Bernardino de Laredo ; _tOratorio de religiosos y ejercicio de virtuosos / Fray Antonio de Guevara ; _tInfancia espiritual / Fray Miguel de Medina ; _tLas tres vías / Nicolás Factor |
|
| 700 | 1 |
_aGomis, Juan Bautista. _958210 |
|
| 700 | 0 |
_aGuevara, Antonio de, _dca. 1480-1545 _960606 |
|
| 700 | 1 |
_aLaredo, Bernardino de, _d1482-1540 _9139699 |
|
| 700 |
_aNicolás Factor, _cBeato, _d1520-1583 _9188974 |
||
| 740 | 0 | 2 | _aSubida al Monte Sión. |
| 740 | 0 | 2 | _aOratorio de religiosos y ejercicio de virtuosos. |
| 740 | 0 | 2 | _aInfancia espiritual. |
| 740 | 4 | 2 | _aLas tres vías. |
| 830 | 0 | 0 |
_aBiblioteca de autores cristianos _v44 _9178679 |
| 852 |
_aES-MaACL _jJ-42 |
||
| 999 |
_c170692 _d170692 |
||